Cities closest to major circle of latitude depending on population size - Statistics

General Stats
  • This quiz has been taken 407 times
  • The average score is 9 of 35
Answer Stats
City % Correct
Moscow (10 381 288)
87%
Buenos Aires (13 076 300)
69%
Saint Petersburg (4 039 751)
61%
Saint Petersburg (4 039 751)
61%
Helsinki (558 457)
57%
Quito (1 399 814)
55%
Quito (1 399 814)
55%
Melbourne (3 730 212)
54%
Melbourne (3 730 212)
54%
São Paulo (10 021 437)
53%
São Paulo (10 021 437)
53%
Kinshasa (7 787 832)
52%
Nairobi (2 750 561)
37%
Christchurch (363 925)
23%
Ushuaia (58 045)
17%
Dhaka (6 493 177)
15%
Dhaka (6 493 177)
15%
Punta Arenas (117 432)
12%
Arkhangelsk (344 603)
10%
Oulu (128 618)
9%
Mar del Plata (645 771)
2%
Macapá (338 937)
1%
Macapá (338 937)
1%
Macapá (338 937)
1%
Anbu (162 964)
0%
Durgapur (518 922)
0%
Durgapur (518 922)
0%
Guarulhos (1 169 601)
0%
Guarulhos (1 169 601)
0%
Guarulhos (1 169 601)
0%
Guarulhos (1 169 601)
0%
Novyy Urengoy (94 214)
0%
Rongcheng (1 001 985)
0%
Sarandi (84 698)
0%
Shajapur (53 352)
0%
No matching quizzes found
Score Distribution
Percent of People with Each Score
Percentile by Number Answered
Your Score History
You have not taken this quiz